[Event "Aarhus-chB"]
[Site "Aarhus"]
[Date "2022.02.12"]
[Round "5"]
[White "Krejci, Martin"]
[Black "Wahlund, Max"]
[Result "0-1"]
[WhiteElo "2087"]
[BlackElo "2088"]
[PlyCount "60"]
[EventDate "2022.02.10"]
[EventType "tourn"]
[EventRounds "5"]
[EventCountry "DEN"]
[SourceTitle "EXT 2024"]
[Source "ChessBase"]
[SourceDate "2023.10.10"]
[SourceVersion "1"]
[SourceVersionDate "2023.10.10"]
[SourceQuality "1"]

1. e4 e5 2. Nf3 Nc6 3. Bb5 f5 4. Nc3 fxe4 5. Nxe4 Nf6 6. Qe2 Qe7 7. Bxc6 bxc6 8. b3 d5 9. Nxf6+ gxf6 10. Bb2 a5 11. a4 Ba6 12. Qe3 Qc5 13. 0-0-0 Qxe3 14. fxe3 Rg8 15. Nh4 Rg4 16. g3 c5 17. d3 c4 18. d4 cxb3 19. cxb3 Rb8 20. Kc2 e4 21. Bc3 Bd3+ 22. Rxd3 exd3+ 23. Kb2 c5 24. dxc5 Bxc5 25. Rd1 Rxa4 26. Rxd3 Be7 27. Rxd5 Ra3 28. Bxa5 Rbxb3+ 29. Kc2 Rxe3 30. Rd2 Rxa5 0-1

[Event "DEN-chT 2122 59th"]
[Site "Denmark"]
[Date "2022.01.16"]
[Round "4.8"]
[White "Krejci, Martin"]
[Black "Meskeniene, Virginija"]
[Result "1-0"]
[WhiteElo "2050"]
[BlackElo "1614"]
[PlyCount "57"]
[EventDate "2021.10.30"]
[EventType "team-tourn"]
[EventRounds "9"]
[EventCountry "DEN"]
[SourceTitle "EXT 2024"]
[Source "ChessBase"]
[SourceDate "2023.10.10"]
[SourceVersion "1"]
[SourceVersionDate "2023.10.10"]
[SourceQuality "1"]
[WhiteTeam "Copenhagen 68"]
[BlackTeam "Koge Xtracon"]
[WhiteTeamCountry "DEN"]
[BlackTeamCountry "DEN"]

1. e4 c5 2. c3 d6 3. d4 cxd4 4. cxd4 g6 5. Bc4 Bg7 6. Be3 Nf6 7. Nc3 0-0 8. h3 a6 9. Bd3 Nc6 10. Nf3 b5 11. a3 Bb7 12. 0-0 Rc8 13. Rc1 Na5 14. Nd2 d5 15. e5 Nd7 16. b4 Nc4 17. Nxc4 dxc4 18. Be4 Bxe4 19. Nxe4 Qc7 20. f4 Rfd8 21. Qf3 h6 22. f5 Bxe5 23. fxg6 Nf6 24. gxf7+ Kg7 25. dxe5 Qxe5 26. Nxf6 exf6 27. Bc5 Qg5 28. f8Q+ Rxf8 29. Bxf8+ 1-0

[Event "World Corporate East F"]
[Site "Chess.com INT"]
[Date "2021.02.20"]
[Round "4.8"]
[White "Krejci, Martin"]
[Black "Matta, Vinay Kumar"]
[Result "0-1"]
[WhiteElo "2074"]
[BlackElo "2305"]
[PlyCount "66"]
[EventDate "2021.02.19"]
[EventType "team (rapid)"]
[EventRounds "7"]
[EventCountry "USA"]
[SourceTitle "EXT 2022"]
[Source "ChessBase"]
[SourceDate "2021.10.06"]
[SourceVersion "1"]
[SourceVersionDate "2021.10.06"]
[SourceQuality "1"]
[WhiteTeam "Arla Foods"]
[BlackTeam "Union Bank of India"]
[WhiteTeamCountry "DEN"]
[BlackTeamCountry "IND"]

1. e4 e5 2. Nf3 Nc6 3. Bb5 a6 4. Ba4 Nf6 5. 0-0 Be7 6. Re1 b5 7. Bb3 0-0 8. h3 Bb7 9. d3 d6 10. c3 Na5 11. Bc2 c5 12. Nbd2 Qc7 13. Nf1 Rfe8 14. Ng3 g6 15. Nh2 Bf8 16. Bg5 Bg7 17. Qf3 Re6 18. Ng4 Nxg4 19. hxg4 Rae8 20. Nf5 gxf5 21. gxf5 Rf6 22. Qg4 Kh8 23. Re3 d5 24. Qh4 Qd6 25. Rh3 h6 26. a4 b4 27. cxb4 cxb4 28. Bxf6 Qxf6 29. Qh5 Rc8 30. Bd1 dxe4 31. dxe4 Bxe4 32. g4 Kg8 33. Be2 Qg5 0-1

[Event "World Corporate East F"]
[Site "Chess.com INT"]
[Date "2021.02.19"]
[Round "3.10"]
[White "Markin, Dmitry"]
[Black "Krejci, Martin"]
[Result "0-1"]
[WhiteElo "2401"]
[BlackElo "2074"]
[PlyCount "58"]
[EventDate "2021.02.19"]
[EventType "team (rapid)"]
[EventRounds "7"]
[EventCountry "USA"]
[SourceTitle "EXT 2022"]
[Source "ChessBase"]
[SourceDate "2021.10.06"]
[SourceVersion "1"]
[SourceVersionDate "2021.10.06"]
[SourceQuality "1"]
[WhiteTeam "Epam Ukraine"]
[BlackTeam "Arla Foods"]
[WhiteTeamCountry "UKR"]
[BlackTeamCountry "DEN"]

1. e4 c5 2. Nf3 d6 3. d4 cxd4 4. Nxd4 Nf6 5. Nc3 a6 6. a4 e6 7. Be2 Be7 8. 0-0 0-0 9. Kh1 Qc7 10. f4 b6 11. Bf3 Bb7 12. Qe1 Nc6 13. Be3 Rac8 14. Rd1 Na5 15. Qg3 Nc4 16. Bc1 Kh8 17. Qh3 e5 18. Nf5 exf4 19. Nxe7 Qxe7 20. Bxf4 Ne5 21. Bg5 Nc4 22. Bg4 Rc5 23. Bxf6 gxf6 24. Bf5 Rxf5 25. Rxf5 Bxe4 26. Nxe4 Qxe4 27. Rdf1 Rg8 28. R5f4 Qxc2 29. Qc3 Qxg2# 0-1

[Event "NRW Class2 1819"]
[Site "Germany"]
[Date "2019.02.17"]
[Round "6.8"]
[White "Wulfhorst, Noah"]
[Black "Krejci, Martin"]
[Result "1-0"]
[WhiteElo "1846"]
[BlackElo "2078"]
[PlyCount "109"]
[EventDate "2018.09.16"]
[EventType "team-tourn"]
[EventRounds "9"]
[EventCountry "GER"]
[SourceTitle "EXT 2022"]
[Source "ChessBase"]
[SourceDate "2021.10.06"]
[SourceVersion "1"]
[SourceVersionDate "2021.10.06"]
[SourceQuality "1"]
[WhiteTeam "Guetersloh"]
[BlackTeam "Duesseldorf II"]
[WhiteTeamCountry "GER"]
[BlackTeamCountry "GER"]

1. c4 Nf6 2. g3 d5 3. Bg2 g6 4. b3 Bg7 5. Bb2 c6 6. Nf3 0-0 7. 0-0 Nbd7 8. d3 Re8 9. Nc3 Rb8 10. Qc2 dxc4 11. bxc4 Qa5 12. e3 Qh5 13. Ne2 b5 14. Nf4 Qc5 15. Bd4 Qa3 16. Ne5 Nxe5 17. Bxe5 Rb6 18. Qb3 b4 19. Qxa3 bxa3 20. Rab1 Ra6 21. d4 Nd7 22. Bxg7 Kxg7 23. Nd3 Ra4 24. Rfc1 Rd8 25. Bxc6 Ra5 26. Rb3 Nb6 27. Nc5 Ba6 28. Nxa6 Rxa6 29. Bb5 Ra5 30. Rcc3 Rc8 31. Rxa3 Rxa3 32. Rxa3 Nxc4 33. Bxc4 Rxc4 34. Rxa7 e6 35. Kg2 Rc2 36. h4 h5 37. Kf3 Kf6 38. Ra6 Ke7 39. a4 Ra2 40. e4 Ra3+ 41. Kf4 Rd3 42. Ra7+ Ke8 43. Ke5 Rf3 44. Kd6 Kf8 45. Ra8+ Kg7 46. Ke7 Rxf2 47. Rf8 Rd2 48. Rxf7+ Kh6 49. Rf4 Rxd4 50. e5 Rd3 51. Kxe6 Rxg3 52. Kf6 Rc3 53. e6 Rc6 54. Kf7 g5 55. Rf6+ 1-0

[Event "CZE-chT2C 1718"]
[Site "Czech Republic"]
[Date "2018.01.28"]
[Round "7.7"]
[White "Belousek, Michal"]
[Black "Krejci, Martin"]
[Result "1-0"]
[WhiteElo "1990"]
[BlackElo "2077"]
[PlyCount "93"]
[EventDate "2017.10.15"]
[EventType "team-tourn"]
[EventRounds "11"]
[EventCountry "CZE"]
[SourceTitle "EXT 2022"]
[Source "ChessBase"]
[SourceDate "2021.10.06"]
[SourceVersion "1"]
[SourceVersionDate "2021.10.06"]
[SourceQuality "1"]
[WhiteTeam "Kutna Hora"]
[BlackTeam "Ricany"]
[WhiteTeamCountry "CZE"]
[BlackTeamCountry "CZE"]

1. d4 Nf6 2. Nf3 g6 3. g3 Bg7 4. Bg2 d5 5. 0-0 0-0 6. c4 c6 7. cxd5 cxd5 8. Ne5 Nbd7 9. Nc3 Nb6 10. a4 Be6 11. a5 Nbd7 12. Qb3 b6 13. Nc6 Qe8 14. Nxd5 Nxd5 15. Bxd5 Bxd5 16. Qxd5 Nf6 17. Qf3 b5 18. Bd2 Qd7 19. Bb4 Rae8 20. Rac1 Nd5 21. Ba3 b4 22. Nxb4 Nxb4 23. Bxb4 Qxd4 24. Bc3 Qa4 25. Bxg7 Kxg7 26. Qc3+ Kg8 27. Qc5 a6 28. Rc4 Qa2 29. Rb4 Rc8 30. Qe5 e6 31. Rd1 Ra8 32. h4 h5 33. g4 hxg4 34. Rxg4 Rab8 35. h5 Rb5 36. Qh2 Kg7 37. hxg6 fxg6 38. Rd7+ Rf7 39. Rxf7+ Kxf7 40. Qh7+ Ke8 41. Rxg6 Rf5 42. Qg8+ Ke7 43. Rg7+ Kd6 44. Qb8+ Kd5 45. Rd7+ Ke4 46. Qb4+ Ke5 47. Qd4# 1-0

[Event "CZE-chT2C 1718"]
[Site "Czech Republic"]
[Date "2018.01.14"]
[Round "6.6"]
[White "Meszaros, Ludek"]
[Black "Krejci, Martin"]
[Result "1/2-1/2"]
[WhiteElo "2114"]
[BlackElo "2077"]
[PlyCount "99"]
[EventDate "2017.10.15"]
[EventType "team-tourn"]
[EventRounds "11"]
[EventCountry "CZE"]
[SourceTitle "EXT 2022"]
[Source "ChessBase"]
[SourceDate "2021.10.06"]
[SourceVersion "1"]
[SourceVersionDate "2021.10.06"]
[SourceQuality "1"]
[WhiteTeam "Tabor"]
[BlackTeam "Ricany"]
[WhiteTeamCountry "CZE"]
[BlackTeamCountry "CZE"]

1. e4 c5 2. Nf3 d6 3. d4 cxd4 4. Nxd4 Nf6 5. Nc3 a6 6. Nb3 Nc6 7. Be3 e6 8. g4 h6 9. Bg2 Rb8 10. f4 Na5 11. Qf3 Nc4 12. 0-0-0 Qc7 13. Ba7 Ra8 14. Bf2 Be7 15. h4 Nd7 16. g5 b5 17. Bd4 Bf8 18. e5 Rb8 19. exd6 Nxd6 20. Qc6 Qxc6 21. Bxc6 Bb7 22. Bxb7 Rxb7 23. Rhe1 Nf5 24. g6 Nxh4 25. Na5 Rc7 26. gxf7+ Kxf7 27. Ne4 Nf5 28. Nb3 Be7 29. Bf2 Rhc8 30. Re2 Nf6 31. Ng3 Rc4 32. Nxf5 exf5 33. Nd4 g6 34. b3 Ba3+ 35. Kb1 R4c7 36. Re6 Ne4 37. Be1 Nc5 38. Rb6 Rd7 39. b4 Na4 40. Rxa6 Re8 41. c3 Bxb4 42. cxb4 Re4 43. Rxa4 bxa4 44. Bc3 Rxf4 45. Kc2 Rf2+ 46. Kd3 Rxa2 47. b5 Ra3 48. Kc4 Rc7+ 49. Nc6 Rb3 50. Ra1 1/2-1/2

[Event "CZE-chT2C 1617"]
[Site "Czech Republic"]
[Date "2017.03.19"]
[Round "10.5"]
[White "Musil, Martin"]
[Black "Krejci, Martin"]
[Result "0-1"]
[WhiteElo "1968"]
[BlackElo "2075"]
[PlyCount "72"]
[EventDate "2016.10.09"]
[EventType "team-tourn"]
[EventRounds "11"]
[EventCountry "CZE"]
[SourceTitle "EXT 2022"]
[Source "ChessBase"]
[SourceDate "2021.10.06"]
[SourceVersion "1"]
[SourceVersionDate "2021.10.06"]
[SourceQuality "1"]
[WhiteTeam "Lysa nad Labem IV"]
[BlackTeam "Ricany"]
[WhiteTeamCountry "CZE"]
[BlackTeamCountry "CZE"]

1. e4 c5 2. Nf3 d6 3. d4 cxd4 4. Nxd4 Nf6 5. Nc3 a6 6. Be2 e6 7. Be3 Be7 8. 0-0 0-0 9. f4 Qc7 10. Bf3 Nc6 11. Qd2 Bd7 12. Rad1 Rac8 13. Qf2 Qb8 14. Qg3 Kh8 15. Kh1 Na5 16. Bc1 b5 17. e5 Ne8 18. Ne4 Nc4 19. b3 Nb6 20. Bb2 dxe5 21. Nxe6 fxe6 22. Bxe5 Qa7 23. Nd6 Bxd6 24. Rxd6 Rg8 25. Rd2 Bc6 26. Bg4 Qe7 27. f5 Nf6 28. Bd6 Qe8 29. Re2 Ne4 30. Qf4 Nxd6 31. Rxe6 Qf7 32. Rxd6 Nd5 33. Qf3 Rgd8 34. f6 Rxd6 35. fxg7+ Qxg7 36. Bxc8 Ne3 0-1

[Event "CZE-chT2C 1516"]
[Site "Czech Republic"]
[Date "2016.03.13"]
[Round "9.7"]
[White "Krouzel, Jaroslav"]
[Black "Krejci, Martin"]
[Result "1-0"]
[WhiteElo "2167"]
[BlackElo "2049"]
[PlyCount "45"]
[EventDate "2015.10.18"]
[EventType "team-tourn"]
[EventRounds "11"]
[EventCountry "CZE"]
[SourceTitle "EXT 2022"]
[Source "ChessBase"]
[SourceDate "2021.10.06"]
[SourceVersion "1"]
[SourceVersionDate "2021.10.06"]
[SourceQuality "1"]
[WhiteTeam "Pankrac II"]
[BlackTeam "Ricany"]
[WhiteTeamCountry "CZE"]
[BlackTeamCountry "CZE"]

1. d4 Nf6 2. c4 g6 3. Nc3 d5 4. Nf3 Bg7 5. Bg5 Ne4 6. cxd5 Nxc3 7. bxc3 Qxd5 8. e3 Qa5 9. Qb3 Be6 10. Bc4 Bxc4 11. Qxc4 Nd7 12. 0-0 e6 13. Rfb1 Rb8 14. Bf4 Nb6 15. Qxc7 0-0 16. Qc5 Qa6 17. Bxb8 Rxb8 18. a4 Qd3 19. a5 Nd5 20. Qxa7 Rc8 21. Qxb7 Qxc3 22. a6 Rc7 23. a7 1-0

[Event "CZE-chT2C 1516"]
[Site "Czech Republic"]
[Date "2016.01.24"]
[Round "6.6"]
[White "Vorisek, Jaroslav"]
[Black "Krejci, Martin"]
[Result "1-0"]
[WhiteElo "2160"]
[BlackElo "2049"]
[PlyCount "87"]
[EventDate "2015.10.18"]
[EventType "team-tourn"]
[EventRounds "11"]
[EventCountry "CZE"]
[SourceTitle "EXT 2022"]
[Source "ChessBase"]
[SourceDate "2021.10.06"]
[SourceVersion "1"]
[SourceVersionDate "2021.10.06"]
[SourceQuality "1"]
[WhiteTeam "Praha Bohemians"]
[BlackTeam "Ricany"]
[WhiteTeamCountry "CZE"]
[BlackTeamCountry "CZE"]

1. d4 Nf6 2. c4 g6 3. Nc3 d5 4. cxd5 Nxd5 5. e4 Nxc3 6. bxc3 Bg7 7. Ba3 0-0 8. Bc4 Nd7 9. Ne2 Nf6 10. Qd3 c6 11. 0-0 Qc7 12. h3 Re8 13. f4 e6 14. Bb3 b5 15. Ng3 a5 16. e5 Nd5 17. Bd6 Qd8 18. Ne4 a4 19. Bc2 Ba6 20. Nc5 Qa5 21. Rf3 Bf8 22. Bxf8 Rxf8 23. Rb1 Rfd8 24. Qd2 Bc8 25. Be4 Ne7 26. Qf2 a3 27. g4 Rb8 28. Rb4 Nd5 29. Bxd5 Rxd5 30. Ne4 Kg7 31. Nf6 c5 32. dxc5 Rd1+ 33. Kh2 Bb7 34. Re3 Rbd8 35. Re2 R8d3 36. Ne4 Qa8 37. f5 exf5 38. gxf5 Bc8 39. e6 Qb8+ 40. Nd6 fxe6 41. fxg6 Qc7 42. gxh7 e5 43. h8Q+ Kxh8 44. Qf8+ 1-0

[Event "CZE-chT2C 1415"]
[Site "Czech Republic"]
[Date "2015.02.08"]
[Round "7.7"]
[White "Krejci, Martin"]
[Black "Kostelecky, Daniel"]
[Result "1-0"]
[WhiteElo "2061"]
[BlackElo "1773"]
[PlyCount "67"]
[EventDate "2014.11.02"]
[EventType "team-tourn"]
[EventRounds "11"]
[EventCountry "CZE"]
[SourceTitle "EXT 2022"]
[Source "ChessBase"]
[SourceDate "2021.10.06"]
[SourceVersion "1"]
[SourceVersionDate "2021.10.06"]
[SourceQuality "1"]
[WhiteTeam "Ricany"]
[BlackTeam "Praha Kobylisy II"]
[WhiteTeamCountry "CZE"]
[BlackTeamCountry "CZE"]

1. e4 c5 2. Nf3 Nc6 3. d4 cxd4 4. Nxd4 Nf6 5. Nc3 e5 6. Ndb5 d6 7. Bg5 a6 8. Na3 b5 9. Nd5 Be7 10. Bxf6 Bxf6 11. c3 Ne7 12. Nc2 Be6 13. a4 Bxd5 14. exd5 0-0 15. Be2 Qb6 16. axb5 axb5 17. Nb4 Bh4 18. g3 Bg5 19. 0-0 f5 20. Qd3 Rab8 21. Ra6 Qc7 22. Nc6 Nxc6 23. dxc6 f4 24. Qd5+ Kh8 25. Rfa1 fxg3 26. hxg3 b4 27. c4 Qe7 28. Ra7 Qf6 29. Rf1 Rbe8 30. Qe4 Qf5 31. Qxf5 Rxf5 32. Bg4 Rff8 33. c7 g6 34. Rfa1 1-0

[Event "Rakovnik Regional-chT 1415"]
[Site "Rakovnik"]
[Date "2015.02.01"]
[Round "7.3"]
[White "Krejci, Martin"]
[Black "Purnoch, Josef"]
[Result "0-1"]
[WhiteElo "2061"]
[BlackElo "2188"]
[PlyCount "106"]
[EventDate "2014.10.19"]
[EventType "team-tourn"]
[EventRounds "11"]
[EventCountry "CZE"]
[SourceTitle "EXT 2016"]
[Source "ChessBase"]
[SourceDate "2015.10.08"]
[SourceVersion "1"]
[SourceVersionDate "2015.10.08"]
[SourceQuality "1"]
[WhiteTeam "Ricany II"]
[BlackTeam "Neratovice II"]
[WhiteTeamCountry "CZE"]
[BlackTeamCountry "CZE"]

1. e4 c5 2. Nf3 Nc6 3. d4 cxd4 4. Nxd4 e5 5. Nb5 d6 6. N1c3 a6 7. Na3 Be7 8. Nc4 b5 9. Ne3 Nf6 10. Bd3 0-0 11. 0-0 Rb8 12. Ncd5 Nxd5 13. Nxd5 Bg5 14. a4 Bxc1 15. Qxc1 Be6 16. b3 Bxd5 17. exd5 Nb4 18. Rd1 Nxd3 19. Rxd3 f5 20. axb5 axb5 21. Rc3 Rc8 22. Qd2 Qb6 23. h3 Qb7 24. Rxc8 Rxc8 25. Ra5 Qb6 26. Ra2 Qc5 27. Qg5 Rf8 28. c4 bxc4 29. bxc4 Qb6 30. Ra1 Qd8 31. Qd2 Qc7 32. Ra4 h6 33. Qa2 Rc8 34. Qa3 Kh7 35. Qa2 Qc5 36. Qc2 e4 37. Qd2 Re8 38. Qf4 Re5 39. Qe3 Qc8 40. Qb6 Qf8 41. Ra6 f4 42. Qxd6 Qf5 43. Ra2 f3 44. g4 Qg5 45. Rc2 e3 46. Kf1 e2+ 47. Ke1 Qf4 48. Rc3 Qh2 49. Qxe5 Qg1+ 50. Kd2 Qd1+ 51. Ke3 e1Q+ 52. Kf4 g5+ 53. Kf5 Qb1+ 0-1

[Event "CZE-chT2C 1415"]
[Site "Czech Republic"]
[Date "2015.01.11"]
[Round "5.6"]
[White "Cernovsky, Jiri"]
[Black "Krejci, Martin"]
[Result "0-1"]
[WhiteElo "2129"]
[BlackElo "2061"]
[PlyCount "76"]
[EventDate "2014.11.02"]
[EventType "team-tourn"]
[EventRounds "11"]
[EventCountry "CZE"]
[SourceTitle "EXT 2022"]
[Source "ChessBase"]
[SourceDate "2021.10.06"]
[SourceVersion "1"]
[SourceVersionDate "2021.10.06"]
[SourceQuality "1"]
[WhiteTeam "Kutna Hora"]
[BlackTeam "Ricany"]
[WhiteTeamCountry "CZE"]
[BlackTeamCountry "CZE"]

1. e4 c5 2. Nf3 d6 3. d4 cxd4 4. Nxd4 Nf6 5. Nc3 a6 6. a4 e6 7. Be2 Be7 8. 0-0 0-0 9. Be3 Nc6 10. Kh1 Qc7 11. f4 b6 12. f5 Ne5 13. Qe1 Bd7 14. Rd1 Nc4 15. Bc1 e5 16. Nf3 b5 17. b3 Nb6 18. a5 Nc8 19. Bg5 Bc6 20. Bxf6 Bxf6 21. b4 Bb7 22. Qd2 Rd8 23. Nd5 Bxd5 24. exd5 Ne7 25. Bd3 Rac8 26. g4 Nxd5 27. Bxb5 Nxb4 28. Qxb4 axb5 29. g5 Be7 30. Rf2 Ra8 31. Qxb5 Rxa5 32. Qd3 Rc5 33. Rg1 Rc3 34. Qd2 e4 35. Re2 exf3 36. Rxe7 Qxe7 37. Qxc3 f2 38. Rf1 Qe4+ 0-1

[Event "Rakovnik Regional-chT 1415"]
[Site "Rakovnik"]
[Date "2014.10.19"]
[Round "1.4"]
[White "Benes, Petr"]
[Black "Krejci, Martin"]
[Result "1-0"]
[WhiteElo "2117"]
[BlackElo "2061"]
[PlyCount "81"]
[EventDate "2014.10.19"]
[EventType "team-tourn"]
[EventRounds "11"]
[EventCountry "CZE"]
[SourceTitle "EXT 2016"]
[Source "ChessBase"]
[SourceDate "2015.10.08"]
[SourceVersion "1"]
[SourceVersionDate "2015.10.08"]
[SourceQuality "1"]
[WhiteTeam "Nymburk Sokol"]
[BlackTeam "Ricany II"]
[WhiteTeamCountry "CZE"]
[BlackTeamCountry "CZE"]

1. d4 Nf6 2. c4 g6 3. Nc3 d5 4. Nf3 Bg7 5. e3 0-0 6. Be2 c5 7. 0-0 cxd4 8. exd4 Nc6 9. Bf4 Bf5 10. Rc1 Rc8 11. b3 Re8 12. h3 Na5 13. c5 Nc6 14. g4 Be6 15. Ne5 Nxe5 16. Bxe5 Ne4 17. Bxg7 Kxg7 18. Qd3 Qa5 19. Nxe4 dxe4 20. Qxe4 Qxa2 21. Bc4 Bxc4 22. bxc4 Rc6 23. d5 Rf6 24. Qe3 Qa4 25. Rfe1 Qd7 26. Ra1 a6 27. Rab1 Kg8 28. Qb3 Qc8 29. Qe3 h5 30. g5 Rf5 31. Rb6 Qd7 32. Reb1 Qa4 33. R6b4 Qc2 34. d6 Kf8 35. d7 Rd8 36. Rxb7 e6 37. Rb8 Ke7 38. c6 Qxc4 39. Qa3+ Qc5 40. Qxc5+ Rxc5 41. Rxd8 1-0

[Event "Ricany op-A"]
[Site "Ricany"]
[Date "2014.08.29"]
[Round "8"]
[White "Krejci, Martin"]
[Black "Fuskova, Martina"]
[Result "1-0"]
[WhiteElo "2059"]
[BlackElo "1948"]
[PlyCount "63"]
[EventDate "2014.08.23"]
[EventType "swiss"]
[EventRounds "9"]
[EventCountry "CZE"]
[SourceTitle "EXT 2015"]
[Source "ChessBase"]
[SourceDate "2014.11.20"]
[SourceVersion "1"]
[SourceVersionDate "2014.11.20"]
[SourceQuality "1"]

1. e4 c5 2. Nf3 e6 3. d4 cxd4 4. Nxd4 Nf6 5. Nc3 d6 6. Be2 Be7 7. 0-0 0-0 8. Be3 Nc6 9. f4 e5 10. Nf5 Bxf5 11. exf5 exf4 12. Bxf4 d5 13. Bf3 Qb6+ 14. Kh1 Qxb2 15. Nxd5 Rad8 16. c4 b5 17. Qb3 Qxb3 18. axb3 Nxd5 19. Bxd5 Nd4 20. Rxa7 Bf6 21. Rb7 Nxb3 22. Rxb5 Nd4 23. Rb7 Nxf5 24. g4 Ne7 25. Bg2 Ng6 26. Bc1 Rc8 27. g5 Bd4 28. Ba3 Bc5 29. Bxc5 Rxc5 30. Bd5 Ne5 31. Rf5 Nd3 32. Rfxf7 1-0

[Event "Ricany op-A"]
[Site "Ricany"]
[Date "2014.08.26"]
[Round "5"]
[White "Postupa, Pavel1"]
[Black "Krejci, Martin"]
[Result "0-1"]
[WhiteElo "1981"]
[BlackElo "2059"]
[PlyCount "104"]
[EventDate "2014.08.23"]
[EventType "swiss"]
[EventRounds "9"]
[EventCountry "CZE"]
[SourceTitle "EXT 2015"]
[Source "ChessBase"]
[SourceDate "2014.11.20"]
[SourceVersion "1"]
[SourceVersionDate "2014.11.20"]
[SourceQuality "1"]

1. e4 e5 2. Nf3 Nc6 3. Bb5 a6 4. Ba4 Nf6 5. 0-0 Be7 6. Re1 b5 7. Bb3 d6 8. c3 0-0 9. h3 Nb8 10. d4 Nbd7 11. Nbd2 Bb7 12. Bc2 Re8 13. Nf1 Bf8 14. Ng3 g6 15. Nh2 c5 16. d5 c4 17. a4 Nc5 18. Be3 Qc7 19. Qf3 Be7 20. Bg5 Qd8 21. axb5 axb5 22. Rxa8 Bxa8 23. Ra1 Nfd7 24. Bh6 Bf8 25. Ng4 Qh4 26. Qe3 Bxh6 27. Nxh6+ Kf8 28. Ra7 Bb7 29. Ra5 Ba6 30. Kh2 Nf6 31. Bd1 Qf4 32. Ng4 Nxg4+ 33. hxg4 Qxe3 34. fxe3 Rb8 35. b4 cxb3 36. Bxb3 b4 37. cxb4 Rxb4 38. Bc2 Rb2 39. Ba4 Ra2 40. Rxa6 Nxa6 41. Bd1 Nc5 42. Bf3 Ra1 43. Kh3 Re1 44. Kh2 Rxe3 45. Kg1 Ra3 46. Kh2 Ke7 47. Kh3 h6 48. Kh4 Nd3 49. g5 h5 50. Bxh5 gxh5 51. Nf5+ Kd7 52. Kxh5 Nf2 0-1

[Event "Ricany op-A"]
[Site "Ricany"]
[Date "2014.08.25"]
[Round "4"]
[White "Krejci, Martin"]
[Black "Hadrava, Jaroslav"]
[Result "1-0"]
[WhiteElo "2059"]
[BlackElo "1918"]
[PlyCount "119"]
[EventDate "2014.08.23"]
[EventType "swiss"]
[EventRounds "9"]
[EventCountry "CZE"]
[SourceTitle "EXT 2015"]
[Source "ChessBase"]
[SourceDate "2014.11.20"]
[SourceVersion "1"]
[SourceVersionDate "2014.11.20"]
[SourceQuality "1"]

1. e4 e5 2. Nf3 Nc6 3. Bb5 f5 4. d3 Nf6 5. Nc3 Bc5 6. h3 d6 7. exf5 Bxf5 8. Bg5 Qd7 9. Bxf6 gxf6 10. Ne4 Bxe4 11. dxe4 0-0-0 12. Qe2 f5 13. 0-0-0 Qf7 14. Kb1 Nd4 15. Nxd4 Bxd4 16. Bc4 Qg7 17. Be6+ Kb8 18. exf5 Qxg2 19. Rdf1 Rdf8 20. c3 Bb6 21. Qg4 Qc6 22. Rhg1 d5 23. Qe2 e4 24. Rg7 Qc4 25. Qxc4 dxc4 26. Re1 Bxf2 27. Rxe4 b5 28. Rf4 Be3 29. Rf3 Bh6 30. Rd7 Rf6 31. Kc2 Kb7 32. Rg3 Bf4 33. Rgg7 Rh6 34. Rg4 Be5 35. Re4 Bf6 36. Re3 Rf8 37. b3 Bg5 38. Rg3 Bf4 39. Rg4 Be5 40. Rd5 Bf6 41. Rxb5+ Kc6 42. a4 Rxh3 43. Rxc4+ Kd6 44. Rd5+ Ke7 45. Rxc7+ Ke8 46. Rc8+ Bd8 47. Rdxd8+ Ke7 48. Rd7+ Kf6 49. Rxf8+ Ke5 50. Rxa7 Ke4 51. b4 h5 52. Rh7 Rh2+ 53. Kb3 Rh1 54. Kc4 Ke5 55. Rfh8 Rh4+ 56. Kc5 Rh3 57. c4 Rf3 58. b5 h4 59. b6 Rb3 60. Rb7 1-0

[Event "Ricany op"]
[Site "Ricany"]
[Date "2013.08.28"]
[Round "6"]
[White "Havlik, Frantisek"]
[Black "Krejci, Martin"]
[Result "1-0"]
[WhiteElo "1986"]
[BlackElo "2005"]
[PlyCount "69"]
[EventDate "2013.08.24"]
[EventType "swiss"]
[EventRounds "9"]
[EventCountry "CZE"]
[SourceTitle "EXT 2022"]
[Source "ChessBase"]
[SourceDate "2021.10.06"]
[SourceVersion "1"]
[SourceVersionDate "2021.10.06"]
[SourceQuality "1"]

1. e4 c5 2. Nf3 d6 3. c3 Nf6 4. Bb5+ Nbd7 5. Qe2 e6 6. d4 cxd4 7. cxd4 Be7 8. Nc3 0-0 9. 0-0 a6 10. Bd3 b5 11. e5 Nd5 12. Nxd5 exd5 13. Bf4 Nb6 14. Rac1 Bg4 15. Rfe1 Ra7 16. b3 dxe5 17. dxe5 Bb4 18. Red1 Re8 19. Qe3 d4 20. Qe4 f5 21. Qc6 Nd5 22. Bg5 Qd7 23. e6 Qxc6 24. Rxc6 Bxf3 25. gxf3 Nc3 26. Re1 Nd5 27. Re5 Ne7 28. Rc2 Bc3 29. Rce2 g6 30. Bf6 Rc7 31. a4 bxa4 32. bxa4 Ra7 33. Rc5 Kf8 34. h4 Rc8 35. Bxe7+ 1-0

[Event "CZE-chT2C 1213"]
[Site "Czech Republic"]
[Date "2013.03.24"]
[Round "11.7"]
[White "Krejci, Martin"]
[Black "Matejka, Radek"]
[Result "1-0"]
[WhiteElo "1934"]
[BlackElo "2011"]
[PlyCount "31"]
[EventDate "2012.10.14"]
[EventType "team-tourn"]
[EventRounds "11"]
[EventCountry "CZE"]
[SourceTitle "EXT 2015"]
[Source "ChessBase"]
[SourceDate "2014.11.20"]
[SourceVersion "1"]
[SourceVersionDate "2014.11.20"]
[SourceQuality "1"]
[WhiteTeam "Ricany"]
[BlackTeam "Pisek"]
[WhiteTeamCountry "CZE"]
[BlackTeamCountry "CZE"]

1. e4 e5 2. Nf3 Nf6 3. Nxe5 d6 4. Nf3 Nxe4 5. Nc3 Nxc3 6. dxc3 Be7 7. Bf4 0-0 8. Qd2 c6 9. 0-0-0 Qa5 10. Kb1 Be6 11. a3 c5 12. h4 Nc6 13. Ng5 d5 14. Qd3 g6 15. Nxe6 fxe6 16. Qe3 1-0

[Event "CZE-chT2C 1213"]
[Site "Czech Republic"]
[Date "2013.01.06"]
[Round "6.8"]
[White "Krejci, Martin"]
[Black "Nemcova, Kristyna"]
[Result "1-0"]
[WhiteElo "1934"]
[BlackElo "2039"]
[PlyCount "65"]
[EventDate "2012.10.14"]
[EventType "team-tourn"]
[EventRounds "11"]
[EventCountry "CZE"]
[SourceTitle "EXT 2015"]
[Source "ChessBase"]
[SourceDate "2014.11.20"]
[SourceVersion "1"]
[SourceVersionDate "2014.11.20"]
[SourceQuality "1"]
[WhiteTeam "Ricany"]
[BlackTeam "Praha Oaza"]
[WhiteTeamCountry "CZE"]
[BlackTeamCountry "CZE"]

1. e4 c5 2. Nf3 Qc7 3. d4 cxd4 4. Nxd4 a6 5. Nc3 e6 6. Be2 Nf6 7. 0-0 Nc6 8. Be3 Be7 9. f4 d6 10. a4 0-0 11. Kh1 Bd7 12. Qe1 Nxd4 13. Bxd4 Bc6 14. Qg3 g6 15. Bd3 b6 16. f5 e5 17. Be3 Qb7 18. Bh6 Rfe8 19. Rae1 Nh5 20. Qf2 Bf8 21. Be3 b5 22. axb5 axb5 23. Qe2 b4 24. Nd5 Bxd5 25. exd5 Bg7 26. Bb5 Rec8 27. Bc6 Rxc6 28. dxc6 Qxc6 29. Ra1 Rc8 30. Ra6 Qc7 31. Ra7 Qxc2 32. Qxc2 Rxc2 33. Ra8+ 1-0